00743 a2200169 45000010006000000050017000060080041000230030015000640400040000790800122001192450056002410200018002972640041003153000019003565050168003751000030005435500520260407155825.0260407a1990 arg spa dAR-UNSa-BCEJYS aAR-UNSa-BCEJYSbspacAR-UNSa-BCEJYS a101.1xNaturaleza de la filosofía. La filosofía como ciencia. La filosofía como arte (pensamiento filosófico)10aPerspectivas etico-juridicaspuna lectur aamericana a950-20-0585-4 1aBuenos Aires :bAbeledo Perrotc1990 a158 p.c17 cm. a1. Libertad como moral y derecho – 2. Bobbio: lo formal en la ética y el derecho – 3. Ética y otología americanas (su institucionalización jurídica).1 aBorda de Rojas Paz, Nerva